[Event "MNT-chT"]
[Site "Podgorica"]
[Date "2020.10.11"]
[Round "5.3"]
[White "Pejovic, Milivoje"]
[Black "Cerovic, Zoran"]
[Result "0-1"]
[WhiteElo "1953"]
[BlackElo "2066"]
[PlyCount "74"]
[EventDate "2020.10.09"]
[EventType "team-tourn"]
[EventRounds "9"]
[EventCountry "MNE"]
[SourceTitle "CBM 198 Extra"]
[Source "ChessBase"]
[SourceDate "2020.11.30"]
[SourceVersion "1"]
[SourceVersionDate "2020.11.30"]
[SourceQuality "1"]
[WhiteTeam "7. Oktobar"]
[BlackTeam "Mimoza"]
[WhiteTeamCountry "MNE"]
[BlackTeamCountry "MNE"]

1. d4 d5 2. e4 dxe4 3. Nc3 Nf6 4. f3 exf3 5. Nxf3 Bg4 6. Bc4 e6 7. 0-0 c6 8. Bg5 Be7 9. Qd2 Nbd7 10. Qf4 0-0 11. Bd3 Bxf3 12. Rxf3 Nh5 13. Qe4 g6 14. Bh6 Ng7 15. Raf1 Bg5 16. Bxg7 Kxg7 17. Ne2 Qe7 18. Rh3 f5 19. Qf3 e5 20. dxe5 Nxe5 21. Qf2 Rae8 22. Nf4 Ng4 23. Qf3 Qc5+ 24. Kh1 Re7 25. Rg3 Rfe8 26. Nh3 Re3 27. Qd1 Rxg3 28. hxg3 Bf6 29. Qf3 Re3 30. Qf4 Be5 31. Qg5 Rxg3 32. Qd8 Bf6 33. Qd7+ Qe7 34. Qc8 Re3 35. Nf4 Bxb2 36. Bc4 Qh4+ 37. Nh3 Rxh3+ 0-1

[Event "MNT-chT 1st League"]
[Site "Podgorica"]
[Date "2019.07.25"]
[Round "6.6"]
[White "Cerovic, Zoran"]
[Black "Lazarevic, Dragan"]
[Result "1-0"]
[WhiteElo "2035"]
[BlackElo "1550"]
[PlyCount "91"]
[EventDate "2019.07.20"]
[EventType "team-tourn"]
[EventRounds "9"]
[EventCountry "MNE"]
[SourceTitle "EXT 2020"]
[Source "ChessBase"]
[SourceDate "2019.10.17"]
[SourceVersion "1"]
[SourceVersionDate "2019.10.17"]
[SourceQuality "1"]
[WhiteTeam "Niksic"]
[BlackTeam "Rokada"]
[WhiteTeamCountry "MNE"]
[BlackTeamCountry "MNE"]

1. e4 e5 2. Nf3 d6 3. d4 exd4 4. Nxd4 Nf6 5. Nc3 c6 6. Bg5 Be7 7. Qd2 b5 8. f3 b4 9. Nce2 c5 10. Nb3 Nc6 11. Ng3 0-0 12. 0-0-0 Ne8 13. Bxe7 Qxe7 14. Bb5 Bb7 15. Nf5 Qe5 16. Qg5 f6 17. Qg3 Nd4 18. Nbxd4 cxd4 19. Bxe8 Qxg3 20. hxg3 Raxe8 21. Rxd4 d5 22. Nd6 Re7 23. Nxb7 Rxb7 24. Rxd5 h6 25. Rhd1 Rff7 26. Rc5 Kh7 27. Rdd5 a6 28. Rc6 Ra7 29. Ra5 Rad7 30. Raxa6 Rd4 31. Rd6 Rc4 32. Rac6 Rc7 33. Rxc7 Rxc7 34. Rd1 Rb7 35. Kd2 h5 36. c4 Ra7 37. Kc2 Rxa2 38. Kb3 Ra8 39. c5 g6 40. c6 g5 41. c7 Rc8 42. Rd7+ Kg6 43. Kxb4 f5 44. Kc5 fxe4 45. fxe4 g4 46. Kd6 1-0

[Event "EU-ch Amateur U2300"]
[Site "Niksic"]
[Date "2018.06.16"]
[Round "3"]
[White "Lacrosse, Marc"]
[Black "Cerovic, Zoran"]
[Result "1/2-1/2"]
[WhiteElo "2138"]
[BlackElo "2049"]
[PlyCount "75"]
[EventDate "2018.06.14"]
[EventType "swiss"]
[EventRounds "9"]
[EventCountry "MNE"]
[SourceTitle "CBM 185 Extra"]
[Source "ChessBase"]
[SourceDate "2018.07.29"]
[SourceVersion "1"]
[SourceVersionDate "2018.07.29"]
[SourceQuality "1"]

1. d4 d5 2. c4 c6 3. Nf3 Nf6 4. Nc3 dxc4 5. a4 Bf5 6. Ne5 e6 7. f3 Bb4 8. Nxc4 0-0 9. Bg5 c5 10. dxc5 Qxd1+ 11. Rxd1 Bc2 12. Rc1 Bb3 13. e4 Nbd7 14. c6 bxc6 15. Nd2 Bxc3 16. bxc3 Bxa4 17. Ra1 Nb6 18. Ba6 Bb5 19. Kf2 Nfd7 20. Be7 Rfe8 21. Bd6 Bxa6 22. Rxa6 Nb8 23. Bxb8 Rexb8 24. Rha1 Rb7 25. Ke2 Kf8 26. R1a2 Ke7 27. Nb3 Na4 28. R6xa4 Rxb3 29. Kd3 Rb7 30. Kc4 Kd6 31. Ra6 e5 32. Rd2+ Kc7 33. Rda2 g5 34. R6a5 f6 35. g4 Kd6 36. Rd2+ Kc7 37. Rda2 Kd6 38. Rd2+ 1/2-1/2

[Event "MNT-chT"]
[Site "Montenegro"]
[Date "2017.09.29"]
[Round "7.1"]
[White "Cerovic, Zoran"]
[Black "Krstonijevic, Stjepan"]
[Result "0-1"]
[WhiteElo "2032"]
[BlackElo "2234"]
[PlyCount "70"]
[EventDate "2017.09.23"]
[EventType "team"]
[EventRounds "9"]
[EventCountry "MNE"]
[SourceTitle "EXT 2019"]
[Source "ChessBase"]
[SourceDate "2018.10.10"]
[SourceVersion "1"]
[SourceVersionDate "2018.10.10"]
[SourceQuality "1"]
[WhiteTeam "Niksic"]
[BlackTeam "Rudar"]
[WhiteTeamCountry "MNE"]
[BlackTeamCountry "MNE"]

1. e4 c5 2. Nf3 e6 3. d4 cxd4 4. Nxd4 Nc6 5. Nc3 Qc7 6. Be3 a6 7. f3 Nf6 8. Qd2 Bb4 9. a3 Be7 10. 0-0-0 b5 11. Nxc6 dxc6 12. Qf2 e5 13. Bb6 Qb7 14. Bc5 a5 15. g4 0-0 16. b4 axb4 17. axb4 Rd8 18. Bd3 Re8 19. Kb2 Bxc5 20. Qxc5 Nd7 21. Qe3 Nb8 22. Ne2 Ra4 23. c3 Nd7 24. Ra1 Nb6 25. Rxa4 Nxa4+ 26. Kc2 Qe7 27. Nc1 Be6 28. Rd1 Rb8 29. Be2 c5 30. Nd3 cxb4 31. Nxb4 Rc8 32. Nd5 Bxd5 33. Rxd5 Qa3 34. Rxb5 Rxc3+ 35. Kd2 Qc1# 0-1

[Event "MNT-chT"]
[Site "Niksic"]
[Date "2016.08.07"]
[Round "2.6"]
[White "Cerovic, Zoran"]
[Black "Zivkovic, Slaven"]
[Result "1-0"]
[WhiteElo "2063"]
[BlackElo "1869"]
[PlyCount "89"]
[EventDate "2016.08.06"]
[EventType "team-tourn"]
[EventRounds "9"]
[EventCountry "MNE"]
[SourceTitle "CBM 173 Extra"]
[Source "ChessBase"]
[SourceDate "2016.08.29"]
[SourceVersion "1"]
[SourceVersionDate "2016.08.29"]
[SourceQuality "1"]

1. e4 e5 2. Nf3 Nc6 3. d4 exd4 4. Nxd4 Nf6 5. Nc3 Bb4 6. Nxc6 bxc6 7. Bd3 d5 8. exd5 cxd5 9. 0-0 0-0 10. Bg5 c6 11. Qf3 Be7 12. Rfe1 Be6 13. Ne2 Nd7 14. Bxe7 Qxe7 15. Nd4 Rac8 16. Nxe6 fxe6 17. Qh3 g6 18. Rxe6 Qf7 19. Qe3 d4 20. Qe2 Rce8 21. Bc4 Kh8 22. Re1 Rxe6 23. Bxe6 Qg7 24. Bxd7 Qxd7 25. Qe5+ Kg8 26. Qe6+ Qxe6 27. Rxe6 Rc8 28. Re7 Rb8 29. b3 Rb5 30. Re2 a5 31. Rd2 Rc5 32. Kf1 Rd5 33. Ke2 Rh5 34. h3 Rg5 35. g4 Rc5 36. h4 a4 37. Kd1 axb3 38. axb3 Rd5 39. Ke2 Kf7 40. Kd3 Ke6 41. Re2+ Kf6 42. Re4 h5 43. Rxd4 Rc5 44. Rd6+ Kf7 45. f3 1-0

[Event "MNT-chT"]
[Site "Niksic"]
[Date "2016.08.06"]
[Round "1.6"]
[White "Cerovic, Zoran"]
[Black "Miljanic, Boro"]
[Result "0-1"]
[WhiteElo "2063"]
[BlackElo "2370"]
[PlyCount "46"]
[EventDate "2016.08.06"]
[EventType "team-tourn"]
[EventRounds "9"]
[EventCountry "MNE"]
[SourceTitle "CBM 173 Extra"]
[Source "ChessBase"]
[SourceDate "2016.08.29"]
[SourceVersion "1"]
[SourceVersionDate "2016.08.29"]
[SourceQuality "1"]

1. e4 c5 2. Nf3 Nc6 3. Bb5 e6 4. 0-0 Nge7 5. c3 a6 6. Ba4 b5 7. Bc2 Bb7 8. d4 cxd4 9. cxd4 Nb4 10. Re1 Nxc2 11. Qxc2 Rc8 12. Qd3 Ng6 13. a4 Qc7 14. h4 bxa4 15. Rxa4 Be7 16. g3 f5 17. exf5 0-0 18. d5 Rxf5 19. Nc3 Bc5 20. Nd4 Ne5 21. Rxe5 Rxe5 22. Nf3 Rxd5 23. Nxd5 Qxg3+ 0-1

[Event "Cetinje op"]
[Site "Cetinje"]
[Date "2016.05.10"]
[Round "9"]
[White "Cerovic, Zoran"]
[Black "Plamenac, Aleksandar"]
[Result "1/2-1/2"]
[WhiteElo "2079"]
[BlackElo "1779"]
[PlyCount "39"]
[EventDate "2016.05.04"]
[EventType "swiss"]
[EventRounds "9"]
[EventCountry "MNE"]
[SourceTitle "CBM 172 Extra"]
[Source "ChessBase"]
[SourceDate "2016.06.21"]
[SourceVersion "1"]
[SourceVersionDate "2016.06.21"]
[SourceQuality "1"]

1. e4 c6 2. Nf3 d5 3. exd5 cxd5 4. Bb5+ Bd7 5. Nc3 Bxb5 6. Nxb5 Qb6 7. Nc3 d4 8. Ne2 Nc6 9. 0-0 e5 10. Re1 f6 11. d3 Bc5 12. Nd2 Nge7 13. f4 0-0 14. fxe5 fxe5 15. Ng3 Nd5 16. Nc4 Qc7 17. Qg4 Kh8 18. a4 Rad8 19. Bd2 Bb4 20. Qe2 1/2-1/2

[Event "Cetinje op"]
[Site "Cetinje"]
[Date "2016.05.08"]
[Round "7"]
[White "Alivodic, Dario"]
[Black "Cerovic, Zoran"]
[Result "1-0"]
[WhiteElo "1735"]
[BlackElo "2079"]
[PlyCount "69"]
[EventDate "2016.05.04"]
[EventType "swiss"]
[EventRounds "9"]
[EventCountry "MNE"]
[SourceTitle "CBM 172 Extra"]
[Source "ChessBase"]
[SourceDate "2016.06.21"]
[SourceVersion "1"]
[SourceVersionDate "2016.06.21"]
[SourceQuality "1"]

1. d4 d5 2. c4 c6 3. Nc3 Nf6 4. Nf3 a6 5. cxd5 cxd5 6. Bg5 e6 7. e3 Be7 8. Bd3 Nbd7 9. 0-0 b5 10. Rc1 Bb7 11. Ne2 0-0 12. Bb1 Nb6 13. Qd3 Ne4 14. Bf4 f5 15. Bc7 Qe8 16. Bxb6 Bd6 17. Bc7 Qd7 18. Bxd6 Qxd6 19. Ne5 Rf6 20. f3 Ng5 21. h4 Nf7 22. Nxf7 Rxf7 23. Rc5 Qe7 24. g3 g5 25. hxg5 Qxg5 26. Rfc1 h5 27. Rc7 Raf8 28. Rxf7 Rxf7 29. Kf2 h4 30. Rh1 hxg3+ 31. Kg2 e5 32. f4 Qg4 33. fxe5 Bc8 34. Nf4 Bd7 35. e6 1-0

[Event "Cetinje op"]
[Site "Cetinje"]
[Date "2016.05.07"]
[Round "6"]
[White "Cerovic, Zoran"]
[Black "Delevic, Nina"]
[Result "1/2-1/2"]
[WhiteElo "2079"]
[BlackElo "1774"]
[PlyCount "75"]
[EventDate "2016.05.04"]
[EventType "swiss"]
[EventRounds "9"]
[EventCountry "MNE"]
[SourceTitle "CBM 172 Extra"]
[Source "ChessBase"]
[SourceDate "2016.06.21"]
[SourceVersion "1"]
[SourceVersionDate "2016.06.21"]
[SourceQuality "1"]

1. e4 g6 2. d4 d6 3. Nc3 Bg7 4. Be3 Nf6 5. f3 Nbd7 6. Qd2 e5 7. 0-0-0 a6 8. g4 b5 9. Kb1 Bb7 10. g5 Nh5 11. Bh3 exd4 12. Bxd7+ Qxd7 13. Bxd4 0-0 14. Bxg7 Nxg7 15. Nge2 b4 16. Nd5 Bxd5 17. Qxd5 Rfb8 18. h4 Qb5 19. Nf4 Qxd5 20. Nxd5 Rb7 21. f4 Nh5 22. e5 dxe5 23. fxe5 c6 24. Nf6+ Kg7 25. Rd6 Re7 26. Nxh5+ gxh5 27. Rxc6 Rxe5 28. Rc4 Rae8 29. a3 bxa3 30. bxa3 Re4 31. Rxe4 Rxe4 32. Rh2 f5 33. gxf6+ Kxf6 34. Ka2 Ke6 35. Kb3 Kd6 36. Rf2 Rxh4 37. Rf6+ Kc5 38. Rxa6 1/2-1/2

[Event "Cetinje op"]
[Site "Cetinje"]
[Date "2016.05.07"]
[Round "5"]
[White "Karisik, Nenad"]
[Black "Cerovic, Zoran"]
[Result "1-0"]
[WhiteElo "2169"]
[BlackElo "2079"]
[PlyCount "128"]
[EventDate "2016.05.04"]
[EventType "swiss"]
[EventRounds "9"]
[EventCountry "MNE"]
[SourceTitle "CBM 172 Extra"]
[Source "ChessBase"]
[SourceDate "2016.06.21"]
[SourceVersion "1"]
[SourceVersionDate "2016.06.21"]
[SourceQuality "1"]

1. e4 e5 2. Nf3 Nc6 3. Bb5 a6 4. Ba4 Nf6 5. 0-0 b5 6. Bb3 Be7 7. Re1 0-0 8. d3 d6 9. c3 Na5 10. Bc2 c5 11. Nbd2 Nc6 12. a4 b4 13. Nc4 Qc7 14. Bb3 Rb8 15. Ne3 Be6 16. Bxe6 fxe6 17. d4 bxc3 18. bxc3 Nxe4 19. dxe5 d5 20. Nxd5 exd5 21. Qxd5+ Kh8 22. Qxe4 Rbe8 23. Bf4 Nd8 24. Rab1 Ne6 25. Bg3 c4 26. Qb7 Qa5 27. Qb6 Bd8 28. Qb4 Qc5 29. Nd4 Qxb4 30. Rxb4 Nxd4 31. Rxc4 Ne6 32. h4 Be7 33. Rb1 Bc5 34. Kf1 Rb8 35. Rxb8 Rxb8 36. Ke2 Rb2+ 37. Kf3 Kg8 38. Ke4 Bxf2 39. Kd5 Kf7 40. Bxf2 Rxf2 41. g3 Ke7 42. Rc6 Rd2+ 43. Ke4 Ra2 44. Kd5 Rd2+ 45. Ke4 Kd7 46. Rb6 Ra2 47. Kf5 Rf2+ 48. Ke4 Ra2 49. Kf5 Nc7 50. Rd6+ Ke7 51. Rc6 Kd7 52. Rd6+ Kc8 53. Rd4 Ra3 54. Rc4 Kd7 55. Rd4+ Ke7 56. Rc4 Ne6 57. h5 Ra1 58. Rc6 Rf1+ 59. Kg4 Re1 60. Rxa6 Rxe5 61. a5 Rg5+ 62. Kf3 Rc5 63. Ra7+ Nc7 64. a6 Ra5 1-0

[Event "Petrovac op"]
[Site "Petrovac"]
[Date "2015.05.11"]
[Round "5"]
[White "Djukic, Sinisa"]
[Black "Cerovic, Zoran"]
[Result "1/2-1/2"]
[WhiteElo "2047"]
[BlackElo "2085"]
[PlyCount "93"]
[EventDate "2015.05.08"]
[EventType "swiss"]
[EventRounds "9"]
[EventCountry "MNE"]
[SourceTitle "CBM 166 Extra"]
[Source "ChessBase"]
[SourceDate "2015.06.18"]
[SourceVersion "1"]
[SourceVersionDate "2015.06.18"]
[SourceQuality "1"]

1. d4 d5 2. Nf3 Nf6 3. Bg5 Bf5 4. e3 e6 5. Bd3 Bg6 6. Bxg6 hxg6 7. Nbd2 c6 8. c3 Qc7 9. Qc2 Nbd7 10. Bf4 Bd6 11. Bxd6 Qxd6 12. e4 dxe4 13. Nxe4 Qf4 14. Ng3 0-0-0 15. Qd2 Qxd2+ 16. Nxd2 e5 17. 0-0 exd4 18. cxd4 Nf8 19. Nf3 Ne6 20. Rad1 Rd5 21. Rd2 Rhd8 22. Rfd1 Kc7 23. Kf1 Kd6 24. Ne2 Ke7 25. Nc3 R5d6 26. g3 g5 27. h3 g6 28. Ke2 Rh8 29. h4 gxh4 30. Nxh4 b5 31. a3 a5 32. Ke3 b4 33. axb4 axb4 34. Ne4 Nxe4 35. Kxe4 Rhd8 36. Nf3 Nc7 37. Kd3 f6 38. Kc4 Ne6 39. d5 cxd5+ 40. Rxd5 Rc6+ 41. Kxb4 Rb6+ 42. Kc3 Rc8+ 43. Kd2 Rxb2+ 44. Ke1 Rc7 45. Nh4 Nf8 46. R1d2 Rxd2 47. Kxd2 1/2-1/2

[Event "Petrovac op"]
[Site "Petrovac"]
[Date "2015.05.08"]
[Round "1"]
[White "Kalezic, Blazo"]
[Black "Cerovic, Zoran"]
[Result "1-0"]
[WhiteElo "2415"]
[BlackElo "2085"]
[PlyCount "93"]
[EventDate "2015.05.08"]
[EventType "swiss"]
[EventRounds "9"]
[EventCountry "MNE"]
[SourceTitle "CBM 166 Extra"]
[Source "ChessBase"]
[SourceDate "2015.06.18"]
[SourceVersion "1"]
[SourceVersionDate "2015.06.18"]
[SourceQuality "1"]

1. e4 e5 2. Nf3 Nc6 3. Bb5 a6 4. Ba4 Nf6 5. 0-0 b5 6. Bb3 Be7 7. Re1 0-0 8. a4 b4 9. d3 d6 10. a5 Bg4 11. Be3 Qc8 12. Nbd2 Be6 13. Nc4 Ng4 14. h3 Nxe3 15. Nxe3 Nd4 16. Nxd4 exd4 17. Nd5 Bxd5 18. exd5 Bf6 19. Ba4 Qf5 20. Bc6 Rab8 21. b3 h5 22. Re4 h4 23. Ra4 g6 24. Qe1 Qh5 25. f3 Qg5 26. f4 Qg3 27. Qxg3 hxg3 28. Ra1 Kg7 29. Rf1 Rh8 30. Rf3 Bh4 31. Rxd4 f5 32. Rc4 Rhf8 33. Kf1 Rf7 34. Re3 g5 35. Ke2 g4 36. hxg4 fxg4 37. f5 Rxf5 38. Rxg4+ Bg5 39. Rexg3 Re5+ 40. Re4 Rxe4+ 41. dxe4 Kf6 42. Rf3+ Ke7 43. Rh3 Rg8 44. Rh7+ Kf6 45. Bd7 Ke5 46. Kd3 Rf8 47. Bf5 1-0

[Event "MNT-chT"]
[Site "Ulcinj"]
[Date "2014.09.23"]
[Round "4.5"]
[White "Draganic, Veljko"]
[Black "Cerovic, Zoran"]
[Result "1-0"]
[WhiteElo "2276"]
[BlackElo "2115"]
[PlyCount "47"]
[EventDate "2014.09.20"]
[EventType "team-tourn"]
[EventRounds "9"]
[EventCountry "MNE"]
[SourceTitle "CBM 162 Extra"]
[Source "ChessBase"]
[SourceDate "2014.10.17"]
[SourceVersion "1"]
[SourceVersionDate "2014.10.17"]
[SourceQuality "1"]
[WhiteTeam "Mimoza"]
[BlackTeam "Niksic"]
[WhiteTeamCountry "MNE"]
[BlackTeamCountry "MNE"]

1. c4 c6 2. Nf3 d5 3. e3 Nf6 4. d4 e6 5. Nbd2 Be7 6. Bd3 0-0 7. 0-0 a6 8. b3 dxc4 9. Nxc4 Nbd7 10. Bb2 c5 11. Rc1 cxd4 12. Nxd4 Nc5 13. Bb1 Bd7 14. Qf3 Nd5 15. Rfd1 Bf6 16. Ba3 Be7 17. e4 Nf6 18. e5 Nd5 19. Nd6 Bxd6 20. exd6 b6 21. Qh3 g6 22. Qh6 Qf6 23. Bb2 Qf4 24. Nf5 1-0

[Event "MNT-chT"]
[Site "Cetinje"]
[Date "2013.06.29"]
[Round "6.6"]
[White "Savovic, Dragan"]
[Black "Cerovic, Zoran"]
[Result "0-1"]
[WhiteElo "2227"]
[BlackElo "2131"]
[PlyCount "67"]
[EventDate "2013.06.24"]
[EventType "team-tourn"]
[EventRounds "9"]
[EventCountry "MNE"]
[SourceTitle "CBM 155 Extra"]
[Source "ChessBase"]
[SourceDate "2013.08.26"]
[SourceVersion "1"]
[SourceVersionDate "2013.08.26"]
[SourceQuality "1"]
[WhiteTeam "Bemax"]
[BlackTeam "Niksic"]
[WhiteTeamCountry "MNE"]
[BlackTeamCountry "MNE"]

1. e4 c5 2. Nf3 Nc6 3. Bb5 g6 4. 0-0 Bg7 5. Re1 Nd4 6. Nxd4 cxd4 7. d3 Nf6 8. e5 Nd5 9. Bc4 Nc7 10. Nd2 b5 11. Bb3 Bb7 12. Ne4 0-0 13. f4 Ne6 14. Qf3 Qc7 15. Bd2 a5 16. a4 b4 17. Bc4 Kh8 18. Qf2 Rad8 19. Qh4 f6 20. f5 gxf5 21. exf6 fxe4 22. fxg7+ Nxg7 23. Bg5 Nf5 24. Qh3 e3 25. Re2 Qc6 26. Rf1 Qg6 27. Bf4 d6 28. c3 e5 29. Bg3 Nxg3 30. Qxg3 Qxg3 31. hxg3 Rxf1+ 32. Kxf1 d5 33. Bb3 bxc3 34. bxc3 0-1

[Event "MNT-chT"]
[Site "Cetinje"]
[Date "2013.06.27"]
[Round "4.6"]
[White "Pejovic, Jovan"]
[Black "Cerovic, Zoran"]
[Result "1-0"]
[WhiteElo "2169"]
[BlackElo "2131"]
[PlyCount "83"]
[EventDate "2013.06.24"]
[EventType "team-tourn"]
[EventRounds "9"]
[EventCountry "MNE"]
[SourceTitle "CBM 155 Extra"]
[Source "ChessBase"]
[SourceDate "2013.08.26"]
[SourceVersion "1"]
[SourceVersionDate "2013.08.26"]
[SourceQuality "1"]
[WhiteTeam "Bijela Kruso Niskogradnja"]
[BlackTeam "Niksic"]
[WhiteTeamCountry "MNE"]
[BlackTeamCountry "MNE"]

1. d4 d5 2. c4 c6 3. cxd5 cxd5 4. Nf3 Nf6 5. Nc3 Nc6 6. Bf4 a6 7. e3 Bf5 8. Bd3 Bxd3 9. Qxd3 e6 10. 0-0 Bd6 11. Bg5 0-0 12. Rfc1 h6 13. Bh4 Rc8 14. Na4 Qa5 15. Qb3 Ne4 16. Nb6 Rc7 17. Bg3 Nxg3 18. hxg3 Bb4 19. Na4 Rfc8 20. a3 Bd6 21. Rc3 b5 22. Nc5 Qb6 23. Qa2 b4 24. Qb3 a5 25. Rac1 Qa7 26. R3c2 a4 27. Qxa4 Bxc5 28. Qxa7 Bxa7 29. Ne5 bxa3 30. bxa3 Bb8 31. Rxc6 Rxc6 32. Rxc6 Re8 33. Nd7 Rd8 34. Nc5 Ba7 35. Nd3 Rb8 36. Rc7 Rb3 37. Ne5 f6 38. Nc6 Bb6 39. Rb7 e5 40. a4 exd4 41. exd4 Rb2 42. a5 1-0

[Event "MNT-chT"]
[Site "Cetinje"]
[Date "2013.06.26"]
[Round "3.6"]
[White "Cerovic, Zoran"]
[Black "Draskovic, Davor"]
[Result "0-1"]
[WhiteElo "2131"]
[BlackElo "1893"]
[PlyCount "50"]
[EventDate "2013.06.24"]
[EventType "team-tourn"]
[EventRounds "9"]
[EventCountry "MNE"]
[SourceTitle "CBM 155 Extra"]
[Source "ChessBase"]
[SourceDate "2013.08.26"]
[SourceVersion "1"]
[SourceVersionDate "2013.08.26"]
[SourceQuality "1"]
[WhiteTeam "Niksic"]
[BlackTeam "Rumija"]
[WhiteTeamCountry "MNE"]
[BlackTeamCountry "MNE"]

1. e4 c5 2. Nf3 d6 3. d4 cxd4 4. Nxd4 Nf6 5. Nc3 g6 6. Be3 Bg7 7. Be2 0-0 8. 0-0 Nc6 9. Kh1 d5 10. Nxd5 Nxd5 11. exd5 Qxd5 12. Bf3 Qa5 13. Nxc6 bxc6 14. c3 Rb8 15. Qc2 Bf5 16. Qc1 c5 17. Rd1 Rfd8 18. Rxd8+ Rxd8 19. Bg5 f6 20. Be3 e5 21. c4 e4 22. Be2 Be6 23. Qc2 f5 24. a3 Qc7 25. b4 Bxa1 0-1

[Event "MNT-chT"]
[Site "Cetinje"]
[Date "2012.08.06"]
[Round "4"]
[White "Cerovic, Zoran"]
[Black "Pavlovic, Dejan S"]
[Result "0-1"]
[WhiteElo "2151"]
[BlackElo "2419"]
[PlyCount "59"]
[EventDate "2012.08.03"]
[EventType "team-tourn"]
[EventRounds "9"]
[EventCountry "MNE"]
[SourceTitle "CBM 149 Extra"]
[Source "ChessBase"]
[SourceDate "2012.08.24"]
[SourceVersion "1"]
[SourceVersionDate "2012.08.24"]
[SourceQuality "1"]

1. e4 c5 2. Nf3 Nc6 3. Bb5 g6 4. Bxc6 dxc6 5. d3 Bg7 6. h3 b6 7. c3 Ba6 8. c4 Nf6 9. 0-0 0-0 10. Nc3 Ne8 11. Be3 Nc7 12. Qd2 Ne6 13. Rad1 b5 14. b3 Nd4 15. Bh6 Nxf3+ 16. gxf3 e5 17. Bxg7 Kxg7 18. Qe3 Qd6 19. Ne2 Rad8 20. f4 f6 21. Kg2 Bc8 22. h4 Kh8 23. Rh1 Bg4 24. f3 Bh5 25. Kf2 f5 26. fxe5 Qxe5 27. f4 fxe4 28. dxe4 Rxd1 29. Rxd1 Qf6 30. Qc3 0-1